书目信息 |
| 题名: |
计算机
|
|
| 作者: | 科利斯 著 ;芮国章 译 | |
| 分册: | ||
| 出版信息: | 北京 科学出版社 1979 |
|
| 页数: | 91页 | |
| 开本: | 19cm | |
| 丛书名: | ||
| 单 册: | ||
| 中图分类: | TP32 | |
| 科图分类: | ||
| 主题词: | 电子计算机--普及读物--一般计算器和计算机 , 计算器 | |
| 电子资源: | ||
| ISBN: | ||
| 000 | 00694nam0 2200253 45 | |
| 001 | 0179006322 | |
| 005 | 20060420092727.17 | |
| 010 | @dCNY0.27 | |
| 091 | @a15031.257 | |
| 100 | @a19950728d1979 em y0chiy0121 ea | |
| 101 | 1 | @achi@ceng |
| 102 | @aCN@b110000 | |
| 105 | @ay z 000yy | |
| 200 | 10 | @a计算机@Aji suan ji@f(美)W·科利斯著@F(mei)W·ke li si zhu@g芮国章译 |
| 210 | @a北京@c科学出版社@d1979 | |
| 215 | @a91页@d19cm | |
| 510 | 1 | @aComputers@zeng |
| 606 | @a电子计算机@x普及读物@x一般计算器和计算机 | |
| 606 | 0 | @a计算器 |
| 690 | @aTP32@v3 | |
| 701 | 0 | @a科利斯@Ake li si@4著 |
| 702 | 0 | @a芮国章@Arui guo zhang@4译 |
| 801 | 0 | @aCN@bTSSF@c20060420 |
| 905 | @a10447@dTP32@e7 | |
| 计算机/(美)W·科利斯著/芮国章译.-北京:科学出版社,1979 |
| 91页;19cm |
| ISBN :CNY0.27 |
| ● |
| 相关链接 |
|
|
|
|
正题名:计算机
索取号:TP32/7
 
预约/预借
| 序号 | 登录号 | 条形码 | 馆藏地/架位号 | 状态 | 备注 |
| 1 | 0022078 | 001636769 | 密集书库/ [索取号:TP32/7] | 在馆 | |
| 2 | 0022079 | 001634501 | 密集书库/ [索取号:TP32/7] | 在馆 | |
| 3 | 0022080 | 001634547 | 密集书库/ [索取号:TP32/7] | 在馆 |